00901nam a2200241Ia 4500008004100000020002200041050002500063100002100088240003400109245009200143250001000235260005200245300001600297337001000313338001400323339001200337500002700349650007400376700007100450942000700521952011400528999001700642121028s9999 xx 000 0 und d a978-970-10-6515-0 aQA76.9.C6 K45 200710aKELTON, W. David aSimulacion con Software Arena aSimulacion con Software Arena / W. David Kelton, Randall P. Sadowski, David T. Sturrock a4a ed aMéxico b: McGraw-Hill Higher Educationc2008 a630 paginas atexto asin medio avolumen aIncluye Bibliografía aSimulación por computadores Arena (Archivo para computador)  aSadowski, Randall P., coaut. Sturrock, David T., coaut. Ì cLB 00104070a14b14d2010-09-13l1oQA76.9.C6 K45 2007p14 003081r2013-09-27s2013-09-27t1w2012-10-28yLB c85520d85520